Online
Catalog

El conde Fernán González. (Record no. 5701)

MARC details
000 -CABECERA
campo de control de longitud fija 00627nam a2200205 a 4500
001 - NÚMERO DE CONTROL
campo de control 000005905
005 - FECHA Y HORA DE LA ÚLTIMA TRANSACCIÓN
campo de control 20200929151832.0
008 - DATOS DE LONGITUD FIJA--INFORMACIÓN GENERAL
campo de control de longitud fija 821029s1972 sp 000 1 spa
040 ## - FUENTE DE LA CATALOGACIÓN
Centro catalogador/agencia de origen DO-SdBNP
Lengua de catalogación spa
Centro/agencia transcriptor BNPHU
082 ## - NÚMERO DE LA CLASIFICACIÓN DECIMAL DEWEY
Número de clasificación 863.6209
Número de documento/Ítem G643T
100 1# - ENTRADA PRINCIPAL--NOMBRE DE PERSONA
Nombre de persona Tudela, Mariano,
Fechas asociadas al nombre 1925-
9 (RLIN) 16655
245 13 - MENCIÓN DE TÍTULO
Título El conde Fernán González.
260 ## - PUBLICACIÓN, DISTRIBUCIÓN, ETC.
Lugar de publicación, distribución, etc. Madrid :
Nombre del editor, distribuidor, etc. Doncel,
Fecha de publicación, distribución, etc. 1972.
300 ## - DESCRIPCIÓN FÍSICA
Extensión 164 p. ;
Dimensiones 18 cm.
490 0# - MENCIÓN DE SERIE
Mención de serie Libro joven de bolsillo
Designación de volumen o secuencia 9
650 #4 - PUNTO DE ACCESO ADICIONAL DE MATERIA--TÉRMINO DE MATERIA
Término de materia o nombre geográfico como elemento de entrada Novela histórica española
9 (RLIN) 6177
650 #4 - PUNTO DE ACCESO ADICIONAL DE MATERIA--TÉRMINO DE MATERIA
Término de materia o nombre geográfico como elemento de entrada Literatura española
9 (RLIN) 632
700 1# - PUNTO DE ACCESO ADICIONAL--NOMBRE DE PERSONA
Nombre de persona Fernán González,
Término indicativo de función/relación conde
9 (RLIN) 16656
830 #0 - PUNTO DE ACCESO ADICIONAL DE SERIE-TÍTULO UNIFORME
Título uniforme Libro joven de bolsillo ;
Designación de volumen o secuencia 9
9 (RLIN) 12847
Holdings
Estado de retiro Estado de pérdida Restricciones de uso No para préstamo Código de colección Localización permanente Ubicación/localización actual Ubicación en estantería Fecha de adquisición Número de inventario Total de préstamos Signatura topográfica completa Código de barras Fecha visto por última vez Precio válido a partir de Tipo de ítem Koha Número de copia
    Préstamo interno   Monografías: Libros y Folletos General General En catalogación 24.08.2009 LF1   863.6209 G643T 5905-10 25.06.2020 25.06.2020 Préstamo interno  
    Préstamo restringido Préstamo restrigido Monografías: Libros y Folletos General General En catalogación 19.10.2009 LF1   863.6209 G643T 5905-20 25.06.2020 25.06.2020 Préstamo interno e. 2
  Extraviado   Excluido de préstamo Monografías: Libros y Folletos General General Extraviado 06.06.2017 LF1   863.6209 G643T 5905-30 25.06.2020 25.06.2020 No se presta  
  Extraviado   Excluido de préstamo Monografías: Libros y Folletos General General Extraviado 06.06.2017 LF1   863.6209 G643T 5905-40 25.06.2020 25.06.2020 No se presta  

Powered by Koha